Developments in agricultural and industrial ergonomics/ (Record no. 192667)
[ view plain ]
| 000 -LEADER | |
|---|---|
| fixed length control field | 02023nam a2200241Ia 4500 |
| 003 - CONTROL NUMBER IDENTIFIER | |
| control field | OSt |
| 005 - DATE AND TIME OF LATEST TRANSACTION | |
| control field | 20260324153113.0 |
| 008 - FIXED-LENGTH DATA ELEMENTS--GENERAL INFORMATION | |
| fixed length control field | 210716s2009 xx 000 0 und d |
| 020 ## - INTERNATIONAL STANDARD BOOK NUMBER | |
| International Standard Book Number | 9788184244496 |
| 040 ## - CATALOGING SOURCE | |
| Transcribing agency | AIMIT LIBRARY |
| 041 ## - LANGUAGE CODE | |
| Language code of text/sound track or separate title | eng |
| 082 ## - DEWEY DECIMAL CLASSIFICATION NUMBER | |
| Classification number | 001.0723381 |
| Item number | GITL |
| 245 ## - TITLE STATEMENT | |
| Title | Developments in agricultural and industrial ergonomics/ |
| Statement of responsibility, etc. | Edited by L P Gita...[et.al]. |
| 260 ## - PUBLICATION, DISTRIBUTION, ETC. | |
| Place of publication, distribution, etc. | New Delhi : |
| Name of publisher, distributor, etc. | Allied Publishers Pvt Ltd , |
| Date of publication, distribution, etc. | 2009. |
| 300 ## - PHYSICAL DESCRIPTION | |
| Extent | xi;196p. ; |
| Other physical details | HB |
| 440 ## - SERIES STATEMENT/ADDED ENTRY--TITLE | |
| Volume/sequential designation | Volume-II : Women at Work |
| 500 ## - GENERAL NOTE | |
| General note | This book is a vital compilation of research presented at the International Ergonomics Conference, HWWE-2007, hosted by the Central Institute of Agricultural Engineering in Bhopal. As part of the two-volume proceedings titled "Developments in Agricultural and Industrial Ergonomics," this specific text is dedicated to a crucial and often underrepresented area of study. It focuses exclusively on the ergonomic challenges and considerations for women across different spheres of their lives.<br/><br/>The volume is thoughtfully organized into two comprehensive sections. The first, "Women in Agriculture," delves into the physical demands and specific risks faced by women working in the agricultural sector. It presents studies aimed at designing better tools, practices, and environments to enhance their safety, health, and productivity.<br/><br/>The second section, "Women at Work and Home," broadens the scope to address the diverse ergonomic needs in various occupational settings beyond farming, as well as within the domestic environment. This dual approach provides a holistic examination of the factors affecting women's well-being and performance, making the volume an essential resource for ergonomists, designers, policymakers, and anyone committed to creating equitable, efficient, and safe spaces for women. |
| 700 ## - ADDED ENTRY--PERSONAL NAME | |
| Personal name | Gite, L P. |
| 9 (RLIN) | 259191 |
| 700 ## - ADDED ENTRY--PERSONAL NAME | |
| Personal name | Mehta, C R. |
| 9 (RLIN) | 259094 |
| 700 ## - ADDED ENTRY--PERSONAL NAME | |
| Personal name | Kotwaliwale, Nachiket. |
| 9 (RLIN) | 259095 |
| 700 ## - ADDED ENTRY--PERSONAL NAME | |
| Personal name | Majumder, Joydeep. |
| 9 (RLIN) | 259096 |
| 942 ## - ADDED ENTRY ELEMENTS (KOHA) | |
| Source of classification or shelving scheme | Dewey Decimal Classification |
| Koha item type | Book |
| Withdrawn status | Lost status | Damaged status | Not for loan | Collection code | Home library | Current library | Source of acquisition | Cost, normal purchase price | Total Checkouts | Full call number | Barcode | Date last seen | Cost, replacement price | Price effective from | Koha item type |
|---|---|---|---|---|---|---|---|---|---|---|---|---|---|---|---|
| MCA | St Aloysius Institute of Management & Information Technology | St Aloysius Institute of Management & Information Technology | Knowledge World | 600.00 | 001.0723381 GITL | MCA12175 | 07/21/2025 | 450.00 | 07/16/2021 | Book |